Golden Globes: Best Comedy or Musical Series Quiz Stats

Quiz Updated Jan 8, 2018

Challenge
Share
Tweet
Embed
Score 0/50 Timer 07:00
3 Plays Today
Year % Correct
1993Seinfeld
77.7%
1990Cheers
77%
2011Modern Family
69.5%
1994 (tie)Frasier
64.6%
2009Glee
62.1%
2010Glee
62.1%
200830 Rock
61%
1971All in the Family
57.2%
1972All in the Family
57.2%
1973 All in the Family
57.2%
1977All in the Family
57.2%
1981M*A*S*H
54.4%
1984The Cosby Show
53%
2003The Office (BBC)
51.7%
1978Taxi
40.2%
1980Taxi
40.2%
1979 (tie)Taxi
39.9%
1985The Golden Girls
39.1%
1986The Golden Girls
39.1%
1987The Golden Girls
39.1%
2012Girls
32.8%
1992Roseanne
32.6%
1999Sex and the City
30.5%
2000Sex and the City
30.5%
2001Sex and the City
30.5%
Year % Correct
2002Curb Your Enthusiasm
27%
1989Murphy Brown
24.9%
1994 (tie)Mad About You
22.7%
2014Transparent
22.4%
2013Brooklyn Nine-Nine
18.3%
1997Ally McBeal
18.2%
1998Ally McBeal
18.2%
2016Atlanta
17.3%
1988The Wonder Years
15.2%
2004Desperate Housewives
15.2%
2005Desperate Housewives
15.2%
1970The Carol Burnett Show
15.1%
19963rd Rock from the Sun
15.1%
1974Rhoda
14.9%
1975Barney Miller
13.7%
1976Barney Miller
13.7%
2017The Marvelous Mrs. Maisel
13.4%
2015Mozart in the Jungle
12%
2007Extras
10.9%
2006Ugly Betty
9.8%
1982Fame
8.8%
1983Fame
8.8%
1979 (tie)Alice
8.7%
1995Cybill
4.7%
1991Brooklyn Bridge
4.1%

You're not logged in!

Compare scores with friends on all Sporcle quizzes.
Sign Up with Email
OR
Log In

You Might Also Like...

Show Comments

Extras

Top Quizzes Today


Score Distribution

Your Account Isn't Verified!

In order to create a playlist on Sporcle, you need to verify the email address you used during registration. Go to your Sporcle Settings to finish the process.

Report this User

Report this user for behavior that violates our Community Guidelines.

Details: